000 00766nam a2200217 u 4500
001 000288926
003 AM-YeHGA
005 20250618071902.0
008 031201s1965 ||||||||||||||||||||arm|c
040 _aAM-YeHGA
041 0 _aarm
080 _a355(C43)(09)
090 _aՍ-25
100 1 _aՍարգսյան, Սիմոն Մկրտիչի
245 1 0 _aԱյրվող անտառ :
_b[408-րդ հայկական հրաձգային դիվիզիայի մասին] /
_cՍ.Մ. Սարգսյան; Խմբ.՝ Հ.Ա. Կնյազյան.
260 _aԵրևան :
_bՀայաստան,
_c1965.
300 _a252 էջ :
_bնկ. ;
_c21 սմ.
650 1 4 _aՀայրենական Մեծ պատերազմ
_9887
700 1 _aԿնյազյան, Հ.Ա.
_eխմբ.
_4edt
090 _c107039
999 _c105715
_d105715